دقائق التعريف / (رقم التسجيلة. 3831)

تفاصيل مارك
000 -LEADER
fixed length control field 00695nam a22002177a 4500
005 - DATE AND TIME OF LATEST TRANSACTION
control field 20251108164116.0
008 - FIXED-LENGTH DATA ELEMENTS--GENERAL INFORMATION
fixed length control field 250721s1987 xx 000 0 ara d
082 14 - DEWEY DECIMAL CLASSIFICATION NUMBER
Classification number م/415.2/قاس
100 1# - MAIN ENTRY--PERSONAL NAME
Personal name المؤدب، القاسم بن محمد بن سعيد
245 10 - TITLE STATEMENT
Title دقائق التعريف /
264 1# - PRODUCTION, PUBLICATION, DISTRIBUTION, MANUFACTURE, AND COPYRIGHT NOTICE
Place of production, publication, distribution, manufacture بغداد :
Name of producer, publisher, distributor, manufacturer المجمع العلمي العراقي،
Date of production, publication, distribution, manufacture, or copyright notice 1987.
300 ## - PHYSICAL DESCRIPTION
Extent 726ص
650 17 - SUBJECT ADDED ENTRY--TOPICAL TERM
Topical term or geographic name as entry element اللغة العربية
650 17 - SUBJECT ADDED ENTRY--TOPICAL TERM
Topical term or geographic name as entry element قواعد اللغة
650 17 - SUBJECT ADDED ENTRY--TOPICAL TERM
Topical term or geographic name as entry element علم الصرف
700 1# - ADDED ENTRY--PERSONAL NAME
Personal name ناجي، أحمد
Relator term تحقيق
700 1# - ADDED ENTRY--PERSONAL NAME
Personal name الضامن، حاتم
Relator term تحقيق
700 1# - ADDED ENTRY--PERSONAL NAME
Personal name تورال، حسين
Relator term تحقيق
942 ## - ADDED ENTRY ELEMENTS (KOHA)
Source of classification or shelving scheme Dewey Decimal Classification
Koha item type كتب
المقتنيات
حالة السحب حالة الفقدان مصدر التصنيف حالة التلف غير قابل للإعارة المكتبة الرئيسية المكتبة الحالية موقع الرف تاريخ التزويد الرقم المتسلسل Total Checkouts رقم الإستدعاء الباركود تاريخ آخر ظهور تاريخ الفاتورة نوع المادة (كوها)
    Dewey Decimal Classification     المكتبة المركزية المكتبة المركزية الإعارة 06/07/2004 270780   م/415.2/قاس 270780 28/07/2025 06/07/2004 كتب
Implemented & Customized by: BBB with SCIT (Smart Chains for Information Technology)

Powered by Koha